000 00780cab a2200253 4500
001 WB3041-57
008 090401t1994 xxu||||| |||| 00| 0 eng d
035 _a(Sirsi) u28095
041 _aeng
245 _aDriverless bus network
260 _c1994
350 _a0
490 _aFinancial Times
_v2 November 1994, 8(1)
520 _aIf enough private-sector finance can be raised, Guildford could see the first guided bus system using computer-controlled driverless buses by 2002.
650 _aDEDICATED TRANSIT SYSTEMS
650 _aGUIDED BUS SYSTEMS
650 _aLISTAVIA INTERNATIONAL
650 _aPRIVATE FINANCE
650 _aPUBLIC TRANSPORT
650 _aROAD TRANSPORT
690 _aTRANSPORT AND COMMUNICATIONS
942 _n0
948 _c04/03/1997
999 _c18948
_d18948